Ukrainian Presidents - Statistics

General Stats
  • This quiz has been taken 213 times
    152 since last reset
  • The average score is 5 of 6
Answer Stats
Years Party President % Correct
2019 - present Servant of the People Volodymyr Zelensky
100%
2014 - 2019 Bloc "Solidarity" Petro Poroshenko
89%
2010 - 2014 Party of Regions Viktor Yanukovych
82%
1994 - 2005 Independent Leonid Kuchma
72%
2005 - 2010 Our Ukraine Viktor Yushchenko
67%
1991 - 1994 Independent Leonid Kravchuk
61%
No matching quizzes found
Score Distribution
Percent of People with Each Score
Percentile by Number Answered
Your Score History
You have not taken this quiz since the last reset